Esthetics with resin composte basic and Techniques (Record no. 42500)

MARC details
000 -LEADER
fixed length control field 00349pam a2200133 a 4500
020 ## - INTERNATIONAL STANDARD BOOK NUMBER
International Standard Book Number 978-1-85097-183-2
Terms of availability
041 ## - LANGUAGE CODE
Language code of original
082 ## - DEWEY DECIMAL CLASSIFICATION NUMBER
Classification number 617.69
Item number HUG
100 ## - MAIN ENTRY--PERSONAL NAME
Personal name Hugo Burkad.
245 ## - TITLE STATEMENT
Title Esthetics with resin composte basic and Techniques
Medium Textual Documents
260 ## - PUBLICATION, DISTRIBUTION, ETC.
Place of publication, distribution, etc. Chichester
Name of publisher, distributor, etc. Wiley-Blackwell
300 ## - PHYSICAL DESCRIPTION
Extent 260:
Dimensions 28.5*21.5.
930 ## - EQUIVALENCE OR CROSS-REFERENCE-UNIFORM TITLE HEADING [LOCAL, CANADA]
Uniform title 3131
Holdings
Withdrawn status Lost status Damaged status Not for loan Collection Home library Current library Date acquired Source of acquisition Cost, normal purchase price Total Checkouts Full call number Barcode Date due Date last seen Date last checked out Copy number Price effective from Koha item type
          Dental College & Hospital, Pune Dental College & Hospital, Pune 04/12/2012 Bharati Mad. Sahakari Grahak Bhandar 12833.00 1 617.69 HUG DCP-6622 31/12/2050 21/11/2023 21/11/2023 1 24/02/2023 Book